[Event "WCO 2016"]
[Site "?"]
[Date "2016.09.11"]
[Round "9"]
[Board "29"]
[WhiteID "14114496"]
[White "Yarmonov Igor"]
[BlackID "6700284"]
[Black "Arias Lemnys A."]
[Result "1-0"]
[BlackElo "2305"]
[WhiteElo "2398"]
[LiveChessVersion "1.4.8"]

1. d4 {[%clk 1:30:58]} d5 {[%clk 1:30:35]} 2. c4 {[%clk 1:31:24]} c6
{[%clk 1:30:49]} 3. Nc3 {[%clk 1:31:11]} Nf6 {[%clk 1:30:58]} 4. e3
{[%clk 1:31:34]} a6 {[%clk 1:28:04]} 5. Bd3 {[%clk 1:31:54]} g6 {[%clk 1:28:21]}
6. Nf3 {[%clk 1:31:47]} Bg7 {[%clk 1:28:49]} 7. O-O {[%clk 1:31:20]} O-O
{[%clk 1:29:14]} 8. h3 {[%clk 1:31:30]} b5 {[%clk 1:25:11]} 9. cxd5
{[%clk 1:27:18]} cxd5 {[%clk 1:24:45]} 10. Bd2 {[%clk 1:27:44]} Bb7
{[%clk 1:21:37]} 11. Ne2 {[%clk 1:22:55]} Nc6 {[%clk 1:15:27]} 12. a4
{[%clk 1:16:34]} b4 {[%clk 1:13:04]} 13. a5 {[%clk 1:15:19]} Ne4 {[%clk 1:10:48]}
14. Be1 {[%clk 1:15:27]} Nxa5 {[%clk 1:06:43]} 15. Bxb4 {[%clk 1:15:51]} Nc6
{[%clk 1:07:02]} 16. Ba3 {[%clk 1:15:45]} Qb6 {[%clk 1:05:20]} 17. Rc1
{[%clk 0:59:16]} Rfc8 {[%clk 1:01:55]} 18. Nc3 {[%clk 0:59:34]} Nxc3
{[%clk 1:01:26]} 19. Rxc3 {[%clk 0:59:59]} e5 {[%clk 0:59:24]} 20. Bc5
{[%clk 0:55:59]} Qd8 {[%clk 0:55:57]} 21. Be2 {[%clk 0:49:47]} exd4
{[%clk 0:50:43]} 22. exd4 {[%clk 0:49:11]} Qd7 {[%clk 0:45:35]} 23. Qa4
{[%clk 0:40:47]} Rc7 {[%clk 0:43:32]} 24. Ra1 {[%clk 0:40:37]} Nd8
{[%clk 0:41:49]} 25. Qxd7 {[%clk 0:32:15]} Rxd7 {[%clk 0:42:09]} 26. Rca3
{[%clk 0:31:50]} Ne6 {[%clk 0:42:07]} 27. b4 {[%clk 0:32:07]} Nc7
{[%clk 0:42:15]} 28. b5 {[%clk 0:26:24]} axb5 {[%clk 0:39:01]} 29. Rxa8+
{[%clk 0:26:49]} Bxa8 {[%clk 0:28:13]} 30. Bxb5 {[%clk 0:26:04]} Rd8
{[%clk 0:28:11]} 31. Bb6 {[%clk 0:25:51]} Nxb5 {[%clk 0:28:24]} 32. Bxd8
{[%clk 0:25:54]} Bb7 {[%clk 0:28:53]} 33. Bb6 {[%clk 0:24:25]} Bf6
{[%clk 0:26:42]} 34. Bc5 {[%clk 0:19:56]} Kg7 {[%clk 0:21:44]} 35. Ra5
{[%clk 0:13:55]} Bc6 {[%clk 0:20:12]} 36. Ra6 {[%clk 0:13:28]} Bd7
{[%clk 0:20:13]} 37. Rb6 {[%clk 0:11:01]} Nc3 {[%clk 0:17:17]} 38. Ne5
{[%clk 0:07:14]} Be6 {[%clk 0:17:18]} 39. Rb8 {[%clk 0:06:38]} h5
{[%clk 0:17:21]} 40. Kf1 {[%clk 0:35:01]} Ne4 {[%clk 0:46:28]} 41. Bf8+
{[%clk 0:35:15]} Kh7 {[%clk 0:46:31]} 42. Ke1 {[%clk 0:30:50]} Bh4
{[%clk 0:46:16]} 43. g3 {[%clk 0:30:45]} Bg5 {[%clk 0:45:49]} 44. h4
{[%clk 0:29:08]} Bd2+ {[%clk 0:45:48]} 45. Ke2 {[%clk 0:28:50]} Bc3
{[%clk 0:46:10]} 46. Nf3 {[%clk 0:09:28]} Bg4 {[%clk 0:46:21]} 47. Ke3
{[%clk 0:08:52]} Bxf3 {[%clk 0:45:43]} 48. Kxf3 {[%clk 0:09:18]} Bxd4
{[%clk 0:45:57]} 49. Rd8 {[%clk 0:09:24]} Bxf2 {[%clk 0:44:55]} 50. Rxd5
{[%clk 0:09:45]} f5 {[%clk 0:45:10]} 51. Rd7+ {[%clk 0:07:55]} Kg8
{[%clk 0:44:50]} 52. Bd6 {[%clk 0:08:08]} Bd4 {[%clk 0:43:56]} 53. Bf4
{[%clk 0:08:34]} Bc3 {[%clk 0:41:39]} 54. Rc7 {[%clk 0:08:11]} Bd4
{[%clk 0:41:23]} 55. Rc4 {[%clk 0:07:28]} Bc5 {[%clk 0:40:16]} 56. Ra4
{[%clk 0:07:17]} Kf7 {[%clk 0:40:37]} 57. Be5 {[%clk 0:06:23]} Ke6
{[%clk 0:40:57]} 58. Bb8 {[%clk 0:03:50]} Kf7 {[%clk 0:39:51]} 59. Ra6
{[%clk 0:03:53]} Bd4 {[%clk 0:40:13]} 60. Rc6 {[%clk 0:03:46]} Bc3
{[%clk 0:39:36]} 61. Bf4 {[%clk 0:03:15]} Bd4 {[%clk 0:39:53]} 62. Rc7+
{[%clk 0:02:53]} Ke6 {[%clk 0:40:13]} 63. Rc8 {[%clk 0:02:24]} Bc3
{[%clk 0:40:25]} 64. Rc4 {[%clk 0:02:23]} Kd5 {[%clk 0:40:10]} 65. Ra4
{[%clk 0:02:40]} Ke6 {[%clk 0:40:30]} 66. Ke2 {[%clk 0:02:17]} Kf7
{[%clk 0:40:26]} 67. Ra3 {[%clk 0:02:11]} Bb4 {[%clk 0:39:01]} 68. Ra7+
{[%clk 0:02:37]} Ke6 {[%clk 0:39:14]} 69. Ra6+ {[%clk 0:02:59]} Kf7
{[%clk 0:39:21]} 70. Be5 {[%clk 0:03:24]} Be7 {[%clk 0:39:38]} 71. Rc6
{[%clk 0:03:32]} Bb4 {[%clk 0:39:49]} 72. Kf3 {[%clk 0:02:29]} Be1
{[%clk 0:39:09]} 73. Rb6 {[%clk 0:02:21]} Bd2 {[%clk 0:39:16]} 74. Rb7+
{[%clk 0:02:27]} Ke6 {[%clk 0:39:36]} 75. Bb2 {[%clk 0:02:21]} Be1
{[%clk 0:39:33]} 76. Rg7 {[%clk 0:02:09]} g5 {[%clk 0:39:09]} 77. hxg5
{[%clk 0:01:54]} Bxg3 {[%clk 0:39:33]} 78. g6 {[%clk 0:02:06]} Be5
{[%clk 0:39:34]} 79. Bxe5 {[%clk 0:01:48]} Kxe5 {[%clk 0:39:57]} 80. Re7+
{[%clk 0:01:48]} 1-0

[Event "WCO 2016"]
[Site "?"]
[Date "2016.09.11"]
[Round "9"]
[Board "30"]
[WhiteID "6702309"]
[White "Giron Jorge Ernesto"]
[BlackID "13503391"]
[Black "Gurbanov Andrei"]
[Result "0-1"]
[BlackElo "2322"]
[WhiteElo "2208"]
[LiveChessVersion "1.4.8"]

1. e4 {[%clk 1:30:43]} e5 {[%clk 1:30:51]} 2. Nf3 {[%clk 1:31:02]} Nc6
{[%clk 1:31:16]} 3. Bb5 {[%clk 1:31:21]} f5 {[%clk 1:31:43]} 4. d3
{[%clk 1:31:30]} fxe4 {[%clk 1:31:52]} 5. dxe4 {[%clk 1:31:52]} Nf6
{[%clk 1:32:19]} 6. Be3 {[%clk 1:32:11]} d6 {[%clk 1:31:19]} 7. Nc3
{[%clk 1:31:06]} Bg4 {[%clk 1:28:33]} 8. h3 {[%clk 1:10:13]} Bh5 {[%clk 1:28:22]}
9. g4 {[%clk 1:10:15]} Bf7 {[%clk 1:28:07]} 10. Qd2 {[%clk 1:07:47]} a6
{[%clk 1:22:15]} 11. Ba4 {[%clk 1:02:00]} Bg6 {[%clk 1:20:00]} 12. g5
{[%clk 1:00:40]} Nd7 {[%clk 0:46:10]} 13. Nh4 {[%clk 0:50:57]} Bh5
{[%clk 0:44:40]} 14. Nd5 {[%clk 0:46:44]} b5 {[%clk 0:36:38]} 15. Bb3
{[%clk 0:46:45]} Nc5 {[%clk 0:36:16]} 16. Bxc5 {[%clk 0:44:11]} dxc5
{[%clk 0:36:24]} 17. a4 {[%clk 0:44:11]} Rb8 {[%clk 0:29:38]} 18. axb5
{[%clk 0:44:20]} axb5 {[%clk 0:30:04]} 19. c3 {[%clk 0:44:01]} c4
{[%clk 0:22:24]} 20. Bd1 {[%clk 0:43:58]} Bf7 {[%clk 0:22:19]} 21. Nf5
{[%clk 0:30:03]} Bxd5 {[%clk 0:19:52]} 22. exd5 {[%clk 0:30:27]} Ne7
{[%clk 0:20:12]} 23. Ne3 {[%clk 0:21:54]} Ng6 {[%clk 0:20:11]} 24. Bc2
{[%clk 0:21:59]} Nf4 {[%clk 0:17:45]} 25. O-O-O {[%clk 0:20:47]} Ra8
{[%clk 0:18:02]} 26. Be4 {[%clk 0:17:15]} Bd6 {[%clk 0:17:43]} 27. Qc2
{[%clk 0:15:12]} Qxg5 {[%clk 0:17:54]} 28. Rhg1 {[%clk 0:12:57]} Qxg1
{[%clk 0:16:24]} 29. Rxg1 {[%clk 0:13:25]} Ra1+ {[%clk 0:16:48]} 30. Kd2
{[%clk 0:13:39]} Rxg1 {[%clk 0:17:13]} 31. b3 {[%clk 0:13:45]} cxb3
{[%clk 0:16:56]} 32. Qxb3 {[%clk 0:14:02]} O-O {[%clk 0:17:17]} 33. h4
{[%clk 0:07:10]} Ng6 {[%clk 0:12:24]} 34. Qxb5 {[%clk 0:02:30]} Rxf2+
{[%clk 0:10:23]} 35. Kd3 {[%clk 0:02:59]} Rg3 {[%clk 0:10:17]} 36. Qe8+
{[%clk 0:01:59]} Nf8 {[%clk 0:09:15]} 37. Qb5 {[%clk 0:00:59]} Rf4
{[%clk 0:09:09]} 38. c4 {[%clk 0:01:11]} Rxh4 {[%clk 0:07:59]} 39. Bf5
{[%clk 0:01:17]} Rf4 {[%clk 0:07:28]} 40. Be6+ {[%clk 0:31:21]} Kh8
{[%clk 0:37:24]} 41. c5 {[%clk 0:31:44]} Be7 {[%clk 0:37:31]} 42. Qe8
{[%clk 0:32:01]} Bxc5 {[%clk 0:37:38]} 0-1

[Event "WCO 2016"]
[Site "?"]
[Date "2016.09.11"]
[Round "9"]
[Board "31"]
[WhiteID "4118464"]
[White "Scerbin Dmitrij"]
[BlackID "6700160"]
[Black "Chavez Hector Eduardo"]
[Result "0-1"]
[BlackElo "2077"]
[WhiteElo "2347"]
[LiveChessVersion "1.4.8"]

1. e4 {[%clk 1:30:58]} c5 {[%clk 1:30:55]} 2. Nf3 {[%clk 1:31:19]} g6
{[%clk 1:31:19]} 3. c3 {[%clk 1:31:37]} Bg7 {[%clk 1:30:21]} 4. d4
{[%clk 1:31:53]} cxd4 {[%clk 1:30:46]} 5. cxd4 {[%clk 1:32:20]} d5
{[%clk 1:30:59]} 6. e5 {[%clk 1:31:17]} e6 {[%clk 1:30:39]} 7. Nc3
{[%clk 1:31:18]} Ne7 {[%clk 1:30:35]} 8. Bd3 {[%clk 1:30:03]} Nbc6
{[%clk 1:30:52]} 9. h4 {[%clk 1:27:51]} h6 {[%clk 1:08:25]} 10. Nb5
{[%clk 1:25:32]} Qb6 {[%clk 0:56:14]} 11. a3 {[%clk 1:14:33]} O-O
{[%clk 0:49:24]} 12. h5 {[%clk 1:13:20]} a6 {[%clk 0:44:42]} 13. hxg6
{[%clk 0:49:04]} fxg6 {[%clk 0:44:29]} 14. Nc3 {[%clk 0:31:55]} Nxd4
{[%clk 0:37:07]} 15. Na4 {[%clk 0:29:42]} Nxf3+ {[%clk 0:34:55]} 16. gxf3
{[%clk 0:29:53]} Qd4 {[%clk 0:32:32]} 17. f4 {[%clk 0:29:46]} Bd7
{[%clk 0:27:29]} 18. Nc3 {[%clk 0:30:02]} Rxf4 {[%clk 0:24:39]} 19. Bxf4
{[%clk 0:28:46]} Qxf4 {[%clk 0:24:57]} 20. Qe2 {[%clk 0:26:23]} Bxe5
{[%clk 0:23:18]} 21. Rg1 {[%clk 0:25:55]} g5 {[%clk 0:21:46]} 22. Rg4
{[%clk 0:23:56]} Qf6 {[%clk 0:20:58]} 23. Na4 {[%clk 0:21:13]} Bxa4
{[%clk 0:18:12]} 24. Rxa4 {[%clk 0:21:41]} Bxb2 {[%clk 0:18:23]} 25. Rb1
{[%clk 0:22:07]} Bc3+ {[%clk 0:14:25]} 26. Kf1 {[%clk 0:22:35]} Nf5
{[%clk 0:10:43]} 27. Bxf5 {[%clk 0:22:39]} Qxf5 {[%clk 0:10:09]} 28. Rxb7
{[%clk 0:22:49]} a5 {[%clk 0:04:09]} 29. Rb6 {[%clk 0:20:44]} Be5
{[%clk 0:03:57]} 30. Kg2 {[%clk 0:19:58]} Rc8 {[%clk 0:03:42]} 31. Rxa5
{[%clk 0:19:25]} Qf4 {[%clk 0:02:19]} 32. Qe3 {[%clk 0:17:39]} Qh2+
{[%clk 0:01:56]} 33. Kf1 {[%clk 0:18:08]} Rc1+ {[%clk 0:01:26]} 34. Ke2
{[%clk 0:18:22]} Qh5+ {[%clk 0:01:38]} 35. Qf3 {[%clk 0:15:28]} Rc2+
{[%clk 0:01:48]} 0-1

[Event "WCO 2016"]
[Site "?"]
[Date "2016.09.11"]
[Round "9"]
[Board "32"]
[WhiteID "6701183"]
[White "Hernandez Mauricio Daniel"]
[BlackID "4135920"]
[Black "Mikheev Stanislav"]
[Result "1-0"]
[BlackElo "2283"]
[WhiteElo "2027"]
[LiveChessVersion "1.4.8"]

1. e4 {[%clk 1:30:59]} e6 {[%clk 1:30:45]} 2. d4 {[%clk 1:31:22]} d5
{[%clk 1:31:01]} 3. exd5 {[%clk 1:31:46]} exd5 {[%clk 1:31:28]} 4. Qf3
{[%clk 1:32:10]} Nf6 {[%clk 1:31:30]} 5. h3 {[%clk 1:32:35]} c5 {[%clk 1:28:06]}
6. Bb5+ {[%clk 1:32:22]} Nc6 {[%clk 1:28:23]} 7. c3 {[%clk 1:26:45]} cxd4
{[%clk 1:26:42]} 8. cxd4 {[%clk 1:26:33]} Qb6 {[%clk 1:22:41]} 9. Qe2+
{[%clk 1:15:49]} Be7 {[%clk 1:17:47]} 10. Nf3 {[%clk 1:13:56]} O-O
{[%clk 1:17:54]} 11. O-O {[%clk 1:14:20]} Bd6 {[%clk 1:08:46]} 12. Be3
{[%clk 1:12:32]} Ne4 {[%clk 1:04:04]} 13. Nc3 {[%clk 1:03:10]} Be6
{[%clk 1:02:10]} 14. Bd3 {[%clk 0:56:02]} f5 {[%clk 1:01:07]} 15. Bxe4
{[%clk 0:50:56]} fxe4 {[%clk 0:54:56]} 16. Ng5 {[%clk 0:51:20]} Rae8
{[%clk 0:54:49]} 17. Qh5 {[%clk 0:50:39]} Bf5 {[%clk 0:54:17]} 18. Nxh7
{[%clk 0:50:00]} Qxb2 {[%clk 0:47:13]} 19. Nxf8 {[%clk 0:48:47]} Rxf8
{[%clk 0:47:30]} 20. Nxd5 {[%clk 0:47:17]} Nxd4 {[%clk 0:47:48]} 21. Bxd4
{[%clk 0:38:53]} Qxd4 {[%clk 0:48:14]} 22. Ne3 {[%clk 0:37:35]} Qe5
{[%clk 0:43:54]} 23. g3 {[%clk 0:37:48]} Be6 {[%clk 0:40:27]} 24. Qxe5
{[%clk 0:34:39]} Bxe5 {[%clk 0:40:55]} 25. Rab1 {[%clk 0:34:40]} Bxh3
{[%clk 0:35:48]} 26. Rfd1 {[%clk 0:34:32]} b6 {[%clk 0:34:30]} 27. Rb4
{[%clk 0:34:14]} Bc8 {[%clk 0:30:32]} 28. Rxe4 {[%clk 0:33:30]} Bb8
{[%clk 0:30:10]} 29. Re7 {[%clk 0:31:39]} Kh7 {[%clk 0:29:16]} 30. Kg2
{[%clk 0:27:48]} Kg6 {[%clk 0:29:28]} 31. f3 {[%clk 0:28:08]} Rh8
{[%clk 0:28:20]} 32. f4 {[%clk 0:26:02]} b5 {[%clk 0:25:33]} 33. Rc1
{[%clk 0:21:21]} Rd8 {[%clk 0:25:20]} 34. Rc6+ {[%clk 0:13:37]} Kh7
{[%clk 0:23:54]} 35. Kf3 {[%clk 0:08:04]} Kg8 {[%clk 0:19:55]} 36. Rg6
{[%clk 0:06:55]} 1-0

[Event "WCO 2016"]
[Site "?"]
[Date "2016.09.11"]
[Round "9"]
[Board "1"]
[WhiteID "2012782"]
[White "Krush Irina"]
[BlackID "8602980"]
[Black "Hou Yifan"]
[Result "1/2-1/2"]
[BlackElo "2658"]
[WhiteElo "2444"]
[LiveChessVersion "1.4.8"]

1. d4 {[%clk 1:30:55]} Nf6 {[%clk 1:30:54]} 2. c4 {[%clk 1:31:14]} e6
{[%clk 1:31:21]} 3. Nc3 {[%clk 1:31:35]} Bb4 {[%clk 1:31:42]} 4. Qc2
{[%clk 1:31:55]} d5 {[%clk 1:31:17]} 5. a3 {[%clk 1:31:53]} Bxc3+
{[%clk 1:31:38]} 6. Qxc3 {[%clk 1:32:17]} Ne4 {[%clk 1:30:53]} 7. Qc2
{[%clk 1:32:26]} c5 {[%clk 1:31:14]} 8. dxc5 {[%clk 1:32:38]} Nc6
{[%clk 1:31:39]} 9. Nf3 {[%clk 1:32:41]} Qa5+ {[%clk 1:30:21]} 10. Bd2
{[%clk 1:32:49]} Qxc5 {[%clk 1:25:35]} 11. e3 {[%clk 1:32:42]} Nxd2
{[%clk 1:25:46]} 12. Nxd2 {[%clk 1:33:02]} dxc4 {[%clk 1:21:36]} 13. Bxc4
{[%clk 1:33:06]} O-O {[%clk 1:21:54]} 14. b4 {[%clk 1:32:04]} Qe7
{[%clk 1:22:03]} 15. Bd3 {[%clk 1:31:32]} h6 {[%clk 1:21:28]} 16. Qc3
{[%clk 1:29:59]} Qf6 {[%clk 1:06:31]} 17. Qxf6 {[%clk 1:13:50]} gxf6
{[%clk 1:06:56]} 18. O-O-O {[%clk 1:04:03]} f5 {[%clk 0:48:26]} 19. Be2
{[%clk 0:58:11]} e5 {[%clk 0:37:24]} 20. Nc4 {[%clk 0:50:51]} Be6
{[%clk 0:31:11]} 21. Nd6 {[%clk 0:51:09]} Rab8 {[%clk 0:31:22]} 22. Rd2
{[%clk 0:35:41]} Rfd8 {[%clk 0:31:20]} 23. Kb2 {[%clk 0:31:01]} Kf8
{[%clk 0:23:33]} 24. Rhd1 {[%clk 0:31:17]} Ke7 {[%clk 0:23:00]} 25. Nc4
{[%clk 0:24:49]} Rxd2+ {[%clk 0:19:33]} 26. Rxd2 {[%clk 0:25:13]} Rc8
{[%clk 0:14:13]} 27. Rc2 {[%clk 0:22:59]} f6 {[%clk 0:12:34]} 28. Na5
{[%clk 0:20:19]} Nxa5 {[%clk 0:09:31]} 29. Rxc8 {[%clk 0:20:35]} Bxc8
{[%clk 0:09:57]} 30. bxa5 {[%clk 0:20:58]} Kd6 {[%clk 0:10:24]} 31. Kc3
{[%clk 0:20:50]} Kc5 {[%clk 0:10:41]} 32. f4 {[%clk 0:20:43]} exf4
{[%clk 0:09:18]} 33. exf4 {[%clk 0:21:04]} Be6 {[%clk 0:09:45]} 34. g3
{[%clk 0:20:55]} Bd5 {[%clk 0:09:08]} 35. Bd3 {[%clk 0:21:04]} Be6
{[%clk 0:09:17]} 36. Be2 {[%clk 0:21:22]} Bd5 {[%clk 0:09:27]} 37. Bd3
{[%clk 0:21:43]} Be6 {[%clk 0:09:49]} 1/2-1/2

[Event "WCO 2016"]
[Site "?"]
[Date "2016.09.11"]
[Round "9"]
[Board "2"]
[WhiteID "8603006"]
[White "Ju Wenjun"]
[BlackID "13603620"]
[Black "Paikidze Nazi"]
[Result "1-0"]
[BlackElo "2366"]
[WhiteElo "2583"]
[LiveChessVersion "1.4.8"]

1. d4 {[%clk 1:30:55]} Nf6 {[%clk 1:30:54]} 2. c4 {[%clk 1:31:21]} e6
{[%clk 1:31:19]} 3. g3 {[%clk 1:31:47]} d5 {[%clk 1:31:42]} 4. Bg2
{[%clk 1:32:08]} Bb4+ {[%clk 1:31:51]} 5. Nd2 {[%clk 1:32:20]} O-O
{[%clk 1:31:50]} 6. Ngf3 {[%clk 1:32:36]} b6 {[%clk 1:21:44]} 7. O-O
{[%clk 1:32:03]} Bb7 {[%clk 1:21:57]} 8. Ne5 {[%clk 1:22:39]} Nbd7
{[%clk 1:16:23]} 9. Nd3 {[%clk 1:17:31]} Bxd2 {[%clk 1:03:48]} 10. Bxd2
{[%clk 1:17:19]} Ne4 {[%clk 1:03:52]} 11. cxd5 {[%clk 1:15:30]} Nxd2
{[%clk 0:59:23]} 12. Qxd2 {[%clk 1:15:26]} exd5 {[%clk 0:59:37]} 13. Rac1
{[%clk 1:15:39]} c6 {[%clk 0:55:43]} 14. Rc2 {[%clk 1:12:49]} Qe7
{[%clk 0:38:43]} 15. Rfc1 {[%clk 1:11:07]} Rac8 {[%clk 0:28:46]} 16. a4
{[%clk 0:46:51]} Nf6 {[%clk 0:22:03]} 17. Qb4 {[%clk 0:44:02]} Qc7
{[%clk 0:15:25]} 18. Qb3 {[%clk 0:42:10]} Ba6 {[%clk 0:13:15]} 19. Bh3
{[%clk 0:31:17]} Bc4 {[%clk 0:10:10]} 20. Qa3 {[%clk 0:28:58]} Rce8
{[%clk 0:10:12]} 21. Ne5 {[%clk 0:24:50]} c5 {[%clk 0:08:52]} 22. Nxc4
{[%clk 0:16:44]} dxc4 {[%clk 0:09:18]} 23. e3 {[%clk 0:16:58]} Ne4
{[%clk 0:07:56]} 24. Rxc4 {[%clk 0:17:26]} Qe7 {[%clk 0:06:07]} 25. dxc5
{[%clk 0:12:03]} Nxc5 {[%clk 0:06:03]} 26. Rd4 {[%clk 0:11:54]} Rd8
{[%clk 0:04:56]} 27. Bg2 {[%clk 0:05:46]} Qf6 {[%clk 0:05:01]} 28. Bd5
{[%clk 0:05:53]} Ne6 {[%clk 0:03:47]} 29. Rdd1 {[%clk 0:05:04]} g6
{[%clk 0:03:49]} 30. Qc3 {[%clk 0:04:09]} Qxc3 {[%clk 0:02:56]} 31. Rxc3
{[%clk 0:04:35]} Kg7 {[%clk 0:03:00]} 32. Kf1 {[%clk 0:03:49]} Kf6
{[%clk 0:03:01]} 33. Ke2 {[%clk 0:03:47]} Rc8 {[%clk 0:03:15]} 34. Rdc1
{[%clk 0:03:28]} Rxc3 {[%clk 0:03:17]} 35. Rxc3 {[%clk 0:03:56]} Nc5
{[%clk 0:03:38]} 36. b3 {[%clk 0:03:04]} Ke5 {[%clk 0:03:16]} 37. Bc4
{[%clk 0:03:29]} f5 {[%clk 0:03:20]} 38. Rc2 {[%clk 0:03:52]} Rd8
{[%clk 0:03:20]} 39. f3 {[%clk 0:04:13]} Kf6 {[%clk 0:02:42]} 40. Ra2
{[%clk 0:34:17]} a5 {[%clk 0:32:49]} 41. Rb2 {[%clk 0:24:08]} g5 {[%clk 0:26:15]}
42. Bb5 {[%clk 0:19:52]} g4 {[%clk 0:22:37]} 43. b4 {[%clk 0:20:20]} gxf3+
{[%clk 0:19:27]} 44. Kxf3 {[%clk 0:20:47]} axb4 {[%clk 0:18:32]} 45. Rxb4
{[%clk 0:21:14]} Rd2 {[%clk 0:18:51]} 46. Be2 {[%clk 0:19:20]} Ke5
{[%clk 0:15:28]} 47. Rxb6 {[%clk 0:13:34]} Ne4 {[%clk 0:13:19]} 48. Rb5+
{[%clk 0:09:21]} Kf6 {[%clk 0:13:40]} 49. Kf4 {[%clk 0:07:21]} Nd6
{[%clk 0:13:02]} 50. Rb6 {[%clk 0:07:49]} Ke7 {[%clk 0:13:20]} 51. Bf3
{[%clk 0:07:54]} Rxh2 {[%clk 0:11:12]} 52. Bd5 {[%clk 0:06:16]} Nc8
{[%clk 0:07:55]} 53. Re6+ {[%clk 0:05:54]} Kd7 {[%clk 0:08:11]} 54. Kxf5
{[%clk 0:03:39]} Ne7+ {[%clk 0:06:27]} 55. Ke4 {[%clk 0:04:07]} Rb2
{[%clk 0:06:33]} 56. Ra6 {[%clk 0:04:18]} Rb4+ {[%clk 0:06:44]} 57. Ke5
{[%clk 0:04:46]} Ng6+ {[%clk 0:07:03]} 58. Kf6 {[%clk 0:05:01]} Kc7
{[%clk 0:05:50]} 59. a5 {[%clk 0:05:15]} Ra4 {[%clk 0:06:08]} 60. e4
{[%clk 0:04:27]} Nf8 {[%clk 0:05:30]} 61. Kg7 {[%clk 0:02:48]} Nd7
{[%clk 0:05:54]} 62. Kxh7 {[%clk 0:02:48]} Ra3 {[%clk 0:05:53]} 63. g4
{[%clk 0:02:24]} Rg3 {[%clk 0:05:58]} 64. Rc6+ {[%clk 0:02:50]} Kb8
{[%clk 0:05:51]} 65. a6 {[%clk 0:02:04]} Ne5 {[%clk 0:05:18]} 66. Rf6
{[%clk 0:01:26]} Nxg4 {[%clk 0:04:53]} 67. Rf7 {[%clk 0:01:50]} Ra3
{[%clk 0:04:48]} 68. Rb7+ {[%clk 0:02:12]} Kc8 {[%clk 0:05:11]} 69. a7
{[%clk 0:01:40]} Nf6+ {[%clk 0:05:11]} 70. Kg6 {[%clk 0:02:02]} Nxd5
{[%clk 0:04:34]} 71. Rb8+ {[%clk 0:02:31]} Kd7 {[%clk 0:04:03]} 72. a8=Q
{[%clk 0:02:57]} Rxa8 {[%clk 0:04:12]} 73. Rxa8 {[%clk 0:03:24]} Ne3
{[%clk 0:03:58]} 74. Kf6 {[%clk 0:03:06]} Ng4+ {[%clk 0:04:17]} 75. Kf5
{[%clk 0:03:33]} Ne3+ {[%clk 0:04:41]} 76. Ke5 {[%clk 0:03:33]} Nc4+
{[%clk 0:04:33]} 77. Kf6 {[%clk 0:03:57]} Nd6 {[%clk 0:04:17]} 78. Ra7+
{[%clk 0:04:25]} Kd8 {[%clk 0:04:37]} 79. e5 {[%clk 0:04:49]} Ne4+
{[%clk 0:04:56]} 80. Ke6 {[%clk 0:05:10]} Ng5+ {[%clk 0:05:15]} 81. Kd5
{[%clk 0:05:18]} Ke8 {[%clk 0:05:27]} 82. Rg7 {[%clk 0:05:35]} Nf7
{[%clk 0:05:50]} 83. Rxf7 {[%clk 0:05:50]} Kxf7 {[%clk 0:06:16]} 84. Kd6
{[%clk 0:06:19]} Ke8 {[%clk 0:06:36]} 85. Ke6 {[%clk 0:06:47]} 1-0

[Event "WCO 2016"]
[Site "?"]
[Date "2016.09.11"]
[Round "9"]
[Board "3"]
[WhiteID "14101572"]
[White "Zatonskih Anna"]
[BlackID "8603642"]
[Black "Tan Zhongyi"]
[Result "1/2-1/2"]
[BlackElo "2475"]
[WhiteElo "2449"]
[LiveChessVersion "1.4.8"]

1. d4 {[%clk 1:30:55]} Nf6 {[%clk 1:30:44]} 2. c4 {[%clk 1:31:17]} e6
{[%clk 1:31:07]} 3. Nc3 {[%clk 1:31:08]} Bb4 {[%clk 1:31:19]} 4. e3
{[%clk 1:30:35]} d5 {[%clk 1:30:36]} 5. a3 {[%clk 1:29:32]} Bxc3+
{[%clk 1:28:10]} 6. bxc3 {[%clk 1:29:56]} O-O {[%clk 1:28:10]} 7. cxd5
{[%clk 1:29:35]} exd5 {[%clk 1:28:35]} 8. Bd3 {[%clk 1:29:58]} c5
{[%clk 1:27:25]} 9. Ne2 {[%clk 1:30:09]} b6 {[%clk 1:25:59]} 10. O-O
{[%clk 1:30:24]} Ba6 {[%clk 1:25:42]} 11. dxc5 {[%clk 1:29:56]} bxc5
{[%clk 1:24:10]} 12. Bxa6 {[%clk 1:29:40]} Nxa6 {[%clk 1:24:34]} 13. c4
{[%clk 1:29:52]} dxc4 {[%clk 1:14:28]} 14. Qa4 {[%clk 1:26:51]} Nc7
{[%clk 1:14:55]} 15. Rd1 {[%clk 1:25:42]} Qe7 {[%clk 1:12:47]} 16. Qxc4
{[%clk 1:25:24]} Rfd8 {[%clk 1:12:57]} 17. Bb2 {[%clk 1:20:07]} Rxd1+
{[%clk 1:12:46]} 18. Rxd1 {[%clk 1:20:35]} Rd8 {[%clk 1:12:59]} 19. Rxd8+
{[%clk 0:57:31]} Qxd8 {[%clk 1:13:17]} 20. h3 {[%clk 0:55:03]} Qd1+
{[%clk 1:06:36]} 21. Kh2 {[%clk 0:55:29]} Qd6+ {[%clk 1:06:15]} 22. Ng3
{[%clk 0:44:19]} Ncd5 {[%clk 0:39:10]} 23. e4 {[%clk 0:25:49]} Nb6
{[%clk 0:39:32]} 24. Qb5 {[%clk 0:25:40]} Nfd7 {[%clk 0:28:32]} 25. a4
{[%clk 0:14:30]} h5 {[%clk 0:26:52]} 26. h4 {[%clk 0:06:30]} Qe6 {[%clk 0:17:44]}
27. a5 {[%clk 0:04:22]} Nc4 {[%clk 0:17:45]} 28. Bc3 {[%clk 0:04:26]} a6
{[%clk 0:15:29]} 29. Qb7 {[%clk 0:04:37]} Nde5 {[%clk 0:13:00]} 30. f3
{[%clk 0:04:14]} g6 {[%clk 0:12:24]} 31. Qb8+ {[%clk 0:03:51]} Kh7
{[%clk 0:12:47]} 32. Kg1 {[%clk 0:03:13]} Qf6 {[%clk 0:06:56]} 33. Ne2
{[%clk 0:01:44]} Qxh4 {[%clk 0:04:40]} 34. Bxe5 {[%clk 0:00:44]} Nxe5
{[%clk 0:04:53]} 35. Qxe5 {[%clk 0:01:01]} Qe1+ {[%clk 0:05:19]} 36. Kh2
{[%clk 0:01:29]} Qh4+ {[%clk 0:05:32]} 37. Kg1 {[%clk 0:01:54]} Qe1+
{[%clk 0:05:46]} 38. Kh2 {[%clk 0:02:21]} Qh4+ {[%clk 0:06:04]} 1/2-1/2